000 01026nam a22002417a 4500
008 090209t xxu||||| |||| 00| 0 eng d
010 _aENG-92899
020 _c310.00
035 _aEN-76432
037 _bDBAD / PUB
040 _adpl
_bEnglish
082 _a515.43
100 _aSelvi, K. Tamil
245 _aIntegral calculus and vector calculus /
_cby K Tamil Selvi
260 _aChennai
_bNivethita Pubications
_c2005
270 _aNo. 1, 3rd Floor, Pudur, 13th Street, Ashok Nagar,
_bChennai
_e83
300 _a620p.
_c21cm (pbk)
500 _aIncludes references
650 _aCalculus, Integral.
942 _2ddc
_cEN
_mSEL
_h515.43
999 _c23260
_d23260